LEADER 01707nam 2200565 450 001 9910825744503321 005 20230801231325.0 010 $a0-85719-188-8 035 $a(UkCvUL)(CKB)2670000000418980 035 $a(UkCvUL)(OCoLC)861526711 035 $a(UkCvUL)(CaPaEBR)ebrary10754293 035 $a(UkCvUL)(SSID)ssj0001168912 035 $a(UkCvUL)(PQKBManifestationID)11625942 035 $a(UkCvUL)(PQKBTitleCode)TC0001168912 035 $a(UkCvUL)(PQKBWorkID)11165160 035 $a(UkCvUL)(PQKB)11780546 035 $a(UkCvUL)(MiAaPQ)EBC3299623 035 $a(UkCvUL)992670000000418980 035 $a(MiAaPQ)EBC3299623 035 $a(Au-PeEL)EBL3299623 035 $a(CaPaEBR)ebr10754293 035 $a(OCoLC)908649556 035 $a(EXLCZ)992670000000418980 100 $a20130917d2012 uy| 0 101 0 $aeng 135 $aurcnu|||||||| 181 $ctxt 182 $cc 183 $acr 200 10$aStyle /$fF.L. Lucas 205 $a[Third edition]. 210 1$aPetersfield, Hampshire, Great Britain :$cHh,$d2012. 215 $a1 online resource (281 p.) 300 $aBibliographic Level Mode of Issuance: Monograph 311 $a0-85719-187-X 320 $aIncludes bibliographical references and index. 517 1 $aStyle :$ethe art of writing well 606 $aAuthorship 606 $aEnglish language$xRhetoric 615 0$aAuthorship. 615 0$aEnglish language$xRhetoric. 676 $a808.02 700 $aLucas$b F. L$g(Frank Laurence),$f1894-1967.$0168553 801 0$bMiAaPQ 801 1$bMiAaPQ 801 2$bMiAaPQ 906 $aBOOK 912 $a9910825744503321 996 $aStyle$94099021 997 $aUNINA LEADER 01882nas 2200601-a 450 001 9910154541203321 005 20241120173229.0 011 $a1748-6653 035 $a(DE-599)ZDB2380753-2 035 $a(CKB)1000000000277948 035 $a(CONSER)--2007206092 035 $a(EXLCZ)991000000000277948 100 $a20070514a20079999 --- - 101 0 $aeng 181 $ctxt$2rdacontent 182 $cc$2rdamedia 183 $acr$2rdacarrier 200 00$aJournal of neuropsychology 210 $aLeicester, UK $cBritish Psychological Society$d©2007- 210 3 $aChichester $cWiley-Blackwell 215 $a1 online resource 300 $aRefereed/Peer-reviewed 311 08$aPrint version: Journal of neuropsychology. (DLC) 2007206092 (OCoLC)126835331 1748-6645 517 3 $aNeuropsychology 531 $aJ NEUROPSYCHOL 531 $aJ. NEUROPSYCHOL 606 $aNeuropsychology$vPeriodicals 606 $a77.50 psychophysiology$3(NL-LeOCL)07759794X$2bcl 606 $aNeuropsychology$2fast$3(OCoLC)fst01036493 606 $aNeuropsychologie$2gtt 606 $aNeuropsychologie$2ram 606 $aNervous System Diseases$xpsychology 608 $aperiodicals.$2aat 608 $aPeriodicals.$2fast 608 $aPeriodicals.$2lcgft 608 $aPériodiques.$2rvmgf 608 $aPeriodical. 615 0$aNeuropsychology 615 7$a77.50 psychophysiology. 615 7$aNeuropsychology. 615 17$aNeuropsychologie. 615 17$aNeuropsychologie. 615 12$aNervous System Diseases$xpsychology. 676 $a612.82305 686 $a77.50$2bcl 686 $a5,2$2ssgn 686 $a150$a610$a260$a870$2zdbs 712 02$aBritish Psychological Society. 906 $aJOURNAL 912 $a9910154541203321 920 $aexl_impl conversion 996 $aJournal of neuropsychology$92127823 997 $aUNINA